01685nam a2200325Ia 4500001001200000003000800012006001900020007001500039008004100054010001700095020001500112040002100127035002000148050002400168082001500192110015400207245036400361260005500725300002500780500002000805504003000825533015200855650005901007650003601066650003801102651004701140655002901187710001701216856012601233ebr10062895CaPaEBRm u cr cn|||||||||870105s1987 dcua sb 001 0 eng d z 87060020  z0309037387 aCaPaEBRcCaPaEBR a(OCoLC)4495756114aT174.3b.B35 1987eb04a337.732192 aCommittee on Science, Engineering, and Public Policy (U.S.).bPanel on the Impact of National Security Controls on International Technology Transfer.10aBalancing the national interesth[electronic resource] :bU.S. national security export controls and global economic competition /cPanel on the Impact of National Security Controls on International Technology Transfer, Committee on Science, Engineering, and Public Policy, National Academy of Sciences, National Academy of Engineering, Institute of Medicine. aWashington, D.C. :bNational Academy Press,c1987. axiii, 321 p. :bill. aIncludes index. aBibliography: p. 297-309. aElectronic reproduction.bPalo Alto, Calif. :cebrary,d2009.nAvailable via World Wide Web.nAccess may be limited to ebrary affiliated libraries. 0aTechnology transferxGovernment policyzUnited States. 0aExport controlszUnited States. 0aNational securityzUnited States. 0aUnited StatesxForeign economic relations. 7aElectronic books.2local2 aebrary, Inc.40uhttp://site.ebrary.com/lib/rucke/Doc?id=10062895zAn electronic book accessible through the World Wide Web; click to view